[Event "Paracin Orbis op "]
[Site "Paracin"]
[Date "2019.04.21"]
[Round "2"]
[White "Lettieri, Giuseppe"]
[Black "Tosic, Miroslav"]
[Result "1-0"]
[WhiteElo "2439"]
[BlackElo "2349"]
[PlyCount "75"]
[EventDate "2019.04.20"]
[EventType "swiss"]
[EventRounds "9"]
[EventCountry "SRB"]
[SourceTitle "CBM 190 Extra"]
[Source "ChessBase"]
[SourceDate "2019.07.15"]
[SourceVersion "1"]
[SourceVersionDate "2019.07.15"]
[SourceQuality "1"]

1. e4 e5 2. Nf3 Nc6 3. Bb5 a6 4. Ba4 Nf6 5. 0-0 Be7 6. Re1 b5 7. Bb3 d6 8. c3 0-0 9. h3 h6 10. d4 Re8 11. Nbd2 Bf8 12. d5 Ne7 13. Nf1 c6 14. dxc6 Nxc6 15. Ne3 Na5 16. Bd5 Rb8 17. a4 b4 18. cxb4 Rxb4 19. Bd2 Nxd5 20. exd5 Rf4 21. g3 Rf6 22. Kg2 Nb7 23. b4 a5 24. Ng4 Bxg4 25. hxg4 Qd7 26. Nh4 axb4 27. g5 hxg5 28. Bxg5 Be7 29. Bxf6 Bxf6 30. Rb1 Nc5 31. Rxb4 e4 32. Qh5 g6 33. Nxg6 fxg6 34. Qxg6+ Bg7 35. Rh1 Qf7 36. Rh8+ Kxh8 37. Qxf7 Rf8 38. Qe7 1-0

[Event "Paracin Orbis op "]
[Site "Paracin"]
[Date "2019.04.21"]
[Round "3"]
[White "Tosic, Miroslav"]
[Black "Abramovic, Bosko"]
[Result "1/2-1/2"]
[WhiteElo "2349"]
[BlackElo "2349"]
[PlyCount "21"]
[EventDate "2019.04.20"]
[EventType "swiss"]
[EventRounds "9"]
[EventCountry "SRB"]
[SourceTitle "CBM 190 Extra"]
[Source "ChessBase"]
[SourceDate "2019.07.15"]
[SourceVersion "1"]
[SourceVersionDate "2019.07.15"]
[SourceQuality "1"]

1. e4 e5 2. Nf3 Nc6 3. Bb5 a6 4. Bxc6 dxc6 5. 0-0 Qd6 6. d4 exd4 7. Qxd4 Qxd4 8. Nxd4 Bd7 9. Be3 0-0-0 10. Nd2 Ne7 11. Rfe1 1/2-1/2

[Event "Cheliabinsk Lozovatsky Memorial-A"]
[Site "Cheliabinsk"]
[Date "2019.01.20"]
[Round "9"]
[White "Tosic, Miroslav"]
[Black "Drygalov, Andrey"]
[Result "0-1"]
[WhiteElo "2360"]
[BlackElo "2485"]
[PlyCount "58"]
[EventDate "2019.01.12"]
[EventType "tourn"]
[EventRounds "9"]
[EventCountry "RUS"]
[EventCategory "9"]
[SourceTitle "CBM 188 Extra"]
[Source "ChessBase"]
[SourceDate "2019.02.26"]
[SourceVersion "1"]
[SourceVersionDate "2019.02.26"]
[SourceQuality "1"]

1. d4 Nf6 2. Nf3 g6 3. g3 d5 4. Bg2 Bg7 5. 0-0 0-0 6. Nbd2 c6 7. c4 a5 8. b3 Bf5 9. Nh4 Be6 10. Bb2 a4 11. Qc2 Qa5 12. Bc3 Qa6 13. e4 dxc4 14. Nhf3 Nbd7 15. Ng5 cxb3 16. axb3 Bxb3 17. Nxb3 axb3 18. Qxb3 Qb6 19. Qc4 Rxa1 20. Rxa1 e6 21. Bh3 Re8 22. Nxe6 fxe6 23. Bxe6+ Kh8 24. e5 Qd8 25. exf6 Nxf6 26. Rb1 Ne4 27. Be1 Qxd4 28. Qa2 Ng5 29. Bc4 Qe4 0-1

[Event "Cheliabinsk Lozovatsky Memorial-A"]
[Site "Cheliabinsk"]
[Date "2019.01.17"]
[Round "6"]
[White "Korneev, Oleg"]
[Black "Tosic, Miroslav"]
[Result "1-0"]
[WhiteElo "2545"]
[BlackElo "2360"]
[PlyCount "77"]
[EventDate "2019.01.12"]
[EventType "tourn"]
[EventRounds "9"]
[EventCountry "RUS"]
[EventCategory "9"]
[SourceTitle "CBM 188 Extra"]
[Source "ChessBase"]
[SourceDate "2019.02.26"]
[SourceVersion "1"]
[SourceVersionDate "2019.02.26"]
[SourceQuality "1"]

1. e4 e5 2. Nf3 Nc6 3. Bb5 a6 4. Ba4 Nf6 5. 0-0 Be7 6. Re1 b5 7. Bb3 d6 8. c3 0-0 9. h3 Na5 10. Bc2 c5 11. d4 Qc7 12. Nbd2 cxd4 13. cxd4 Nc6 14. Nb3 a5 15. Be3 a4 16. Nbd2 Bd7 17. Rc1 Qb7 18. Nf1 Rfe8 19. Ng3 h6 20. Qe2 Bf8 21. d5 Ne7 22. Nh4 Kh8 23. Qf3 Neg8 24. Nh5 Be7 25. Nxf6 Bxf6 26. Nf5 Bxf5 27. Qxf5 a3 28. bxa3 g6 29. Qf3 Kg7 30. Rb1 Rec8 31. Rb2 Qa6 32. Bd2 Bg5 33. Bb4 Nf6 34. Bd3 Nd7 35. a4 Qxa4 36. Bxd6 Qd4 37. Qe2 Ra6 38. Bb4 Rb6 39. Bxb5 1-0

[Event "Cheliabinsk Lozovatsky Memorial-A"]
[Site "Cheliabinsk"]
[Date "2019.01.13"]
[Round "2"]
[White "Gutenev, Alexander"]
[Black "Tosic, Miroslav"]
[Result "1/2-1/2"]
[WhiteElo "2456"]
[BlackElo "2360"]
[PlyCount "43"]
[EventDate "2019.01.12"]
[EventType "tourn"]
[EventRounds "9"]
[EventCountry "RUS"]
[EventCategory "9"]
[SourceTitle "CBM 188 Extra"]
[Source "ChessBase"]
[SourceDate "2019.02.26"]
[SourceVersion "1"]
[SourceVersionDate "2019.02.26"]
[SourceQuality "1"]

1. e4 e5 2. Nf3 Nc6 3. Bb5 a6 4. Ba4 Nf6 5. 0-0 Be7 6. Re1 b5 7. Bb3 d6 8. c3 0-0 9. h3 Na5 10. Bc2 c5 11. d4 Qc7 12. Nbd2 cxd4 13. cxd4 Nc6 14. d5 Nb4 15. Bb1 a5 16. a3 Na6 17. b4 Bd7 18. Qb3 Rfc8 19. Bb2 Nh5 20. Rc1 Qa7 21. Bd3 Bd8 22. Qd1 1/2-1/2

[Event "Cheliabinsk Lozovatsky Memorial-A"]
[Site "Cheliabinsk"]
[Date "2019.01.12"]
[Round "1"]
[White "Drygalov, Sergey"]
[Black "Tosic, Miroslav"]
[Result "1-0"]
[WhiteElo "2442"]
[BlackElo "2360"]
[PlyCount "59"]
[EventDate "2019.01.12"]
[EventType "tourn"]
[EventRounds "9"]
[EventCountry "RUS"]
[EventCategory "9"]
[SourceTitle "CBM 188 Extra"]
[Source "ChessBase"]
[SourceDate "2019.02.26"]
[SourceVersion "1"]
[SourceVersionDate "2019.02.26"]
[SourceQuality "1"]

1. d4 Nf6 2. c4 e6 3. Nf3 d5 4. Nc3 Nbd7 5. Bf4 dxc4 6. e3 Nd5 7. Bxc4 Nxf4 8. exf4 Nb6 9. Bd3 c5 10. dxc5 Bxc5 11. 0-0 Be7 12. Ne5 0-0 13. Qc2 g6 14. Rfd1 Qc7 15. Rac1 f6 16. Bxg6 fxe5 17. Bxh7+ Kh8 18. Qe2 Bh4 19. Bb1 Qf7 20. Qg4 Bxf2+ 21. Kxf2 Qxf4+ 22. Qxf4 Rxf4+ 23. Kg1 Bd7 24. Re1 Rc8 25. Rxe5 Na4 26. g3 Rb4 27. Rf1 Nxc3 28. Rh5+ Kg8 29. Rg5+ Kh8 30. Rf6 1-0

[Event "SRB-chT"]
[Site "Valjevo"]
[Date "2018.09.09"]
[Round "10.3"]
[White "Tosic, Miroslav"]
[Black "Leskur, Dejan"]
[Result "1/2-1/2"]
[WhiteElo "2363"]
[BlackElo "2389"]
[PlyCount "22"]
[EventDate "2018.08.31"]
[EventType "team-tourn"]
[EventRounds "11"]
[EventCountry "SRB"]
[SourceTitle "CBM 186 Extra"]
[Source "ChessBase"]
[SourceDate "2018.08.24"]
[SourceVersion "1"]
[SourceVersionDate "2018.08.24"]
[SourceQuality "1"]
[WhiteTeam "Kraljevo Sloga Turist"]
[BlackTeam "Novi Sad"]
[WhiteTeamCountry "SRB"]
[BlackTeamCountry "SRB"]

1. d4 Nf6 2. Nf3 c5 3. e3 g6 4. dxc5 Qa5+ 5. Nbd2 Qxc5 6. a3 Bg7 7. b4 Qc7 8. Bb2 d6 9. c4 Nbd7 10. Be2 b6 11. 0-0 Bb7 1/2-1/2

[Event "SRB-chT"]
[Site "Valjevo"]
[Date "2018.09.01"]
[Round "2.3"]
[White "Lazic, Miroljub"]
[Black "Tosic, Miroslav"]
[Result "1/2-1/2"]
[WhiteElo "2486"]
[BlackElo "2363"]
[PlyCount "20"]
[EventDate "2018.08.31"]
[EventType "team-tourn"]
[EventRounds "11"]
[EventCountry "SRB"]
[SourceTitle "CBM 186 Extra"]
[Source "ChessBase"]
[SourceDate "2018.08.24"]
[SourceVersion "1"]
[SourceVersionDate "2018.08.24"]
[SourceQuality "1"]
[WhiteTeam "Ruma Sloven"]
[BlackTeam "Kraljevo Sloga Turist"]
[WhiteTeamCountry "SRB"]
[BlackTeamCountry "SRB"]

1. Nf3 Nf6 2. g3 g6 3. Bg2 Bg7 4. 0-0 0-0 5. c4 d6 6. Nc3 e5 7. d4 Nbd7 8. Qc2 exd4 9. Nxd4 Nb6 10. b3 c5 1/2-1/2

[Event "Belgrade Letnji Jezero op"]
[Site "Belgrade"]
[Date "2018.08.12"]
[Round "9"]
[White "Jovanovic, Dusan D"]
[Black "Tosic, Miroslav"]
[Result "1/2-1/2"]
[WhiteElo "2386"]
[BlackElo "2363"]
[PlyCount "22"]
[EventDate "2018.08.04"]
[EventType "swiss"]
[EventRounds "9"]
[EventCountry "SRB"]
[SourceTitle "CBM 185 Extra"]
[Source "ChessBase"]
[SourceDate "2018.07.29"]
[SourceVersion "1"]
[SourceVersionDate "2018.07.29"]
[SourceQuality "1"]

1. Nf3 Nf6 2. b3 g6 3. Bb2 Bg7 4. g3 c5 5. c4 Nc6 6. Bg2 0-0 7. 0-0 d6 8. Nc3 Bg4 9. h3 Bd7 10. d4 cxd4 11. Nxd4 Qc8 1/2-1/2

[Event "Vojvodina op 9th"]
[Site "Novi Sad"]
[Date "2018.07.27"]
[Round "9"]
[White "Rogac, Srdjan"]
[Black "Tosic, Miroslav"]
[Result "1-0"]
[WhiteElo "2317"]
[BlackElo "2388"]
[PlyCount "113"]
[EventDate "2018.07.22"]
[EventType "swiss"]
[EventRounds "9"]
[EventCountry "YUG"]
[SourceTitle "CBM 185 Extra"]
[Source "ChessBase"]
[SourceDate "2018.07.29"]
[SourceVersion "1"]
[SourceVersionDate "2018.07.29"]
[SourceQuality "1"]

1. e4 c5 2. c3 Nf6 3. e5 Nd5 4. g3 Nc6 5. Bg2 Qc7 6. f4 e6 7. Nf3 d6 8. Qe2 h5 9. 0-0 Nde7 10. exd6 Qxd6 11. Na3 Nf5 12. Nc4 Qc7 13. Ne3 Be7 14. Nxf5 exf5 15. Ne5 Nxe5 16. Qxe5 Qxe5 17. fxe5 c4 18. d4 cxd3 19. Be3 h4 20. Rfd1 hxg3 21. hxg3 a5 22. a4 Ra6 23. Kf2 Re6 24. Rxd3 Rxe5 25. Bd4 Bc5 26. b4 axb4 27. cxb4 Bxd4+ 28. Rxd4 Rh2 29. Rad1 Ke7 30. Rc1 Be6 31. Kg1 Rh8 32. Bxb7 Re3 33. a5 Rxg3+ 34. Kf2 Ra3 35. a6 Rh2+ 36. Ke1 Rb2 37. Rcd1 g5 38. R1d3 Ra1+ 39. Rd1 Ra4 40. R1d2 Rb3 41. R2d3 Ra1+ 42. Kd2 Rb2+ 43. Kc3 Rba2 44. b5 Rb1 45. Rb4 Rc1+ 46. Kd4 f4 47. b6 g4 48. a7 f3 49. a8Q f2 50. Qxa2 f1Q 51. Qh2 Qe1 52. Qd2 Qg1+ 53. Qe3 Qh2 54. Qxc1 Qd6+ 55. Ke3 Qg3+ 56. Ke2 Qh2+ 57. Kf1 1-0

[Event "Veliko Gradiste Silver Lake op"]
[Site "Veliko Gradiste"]
[Date "2018.06.21"]
[Round "6"]
[White "Cvitan, Ognjen"]
[Black "Tosic, Miroslav"]
[Result "1-0"]
[WhiteElo "2492"]
[BlackElo "2384"]
[PlyCount "93"]
[EventDate "2018.06.17"]
[EventType "swiss"]
[EventRounds "9"]
[EventCountry "SRB"]
[SourceTitle "CBM 185 Extra"]
[Source "ChessBase"]
[SourceDate "2018.07.29"]
[SourceVersion "1"]
[SourceVersionDate "2018.07.29"]
[SourceQuality "1"]

1. d4 d5 2. c4 dxc4 3. e3 e5 4. Bxc4 exd4 5. exd4 Bd6 6. Nf3 Nf6 7. 0-0 0-0 8. Nc3 Nc6 9. h3 h6 10. Qc2 Na5 11. Bd3 Nc6 12. a3 Be6 13. Re1 Re8 14. Be3 Nd5 15. Bh7+ Kh8 16. Be4 Nce7 17. Bd2 c6 18. Ne5 Nf6 19. Bd3 Ned5 20. Re2 Kg8 21. Rae1 Rc8 22. Na4 Rc7 23. Ba5 b6 24. Bd2 Qc8 25. Nc3 Nxc3 26. Bxc3 Nd5 27. Bd2 c5 28. Qa4 Rd8 29. dxc5 Bxc5 30. Qh4 Bf8 31. Qg3 Ne7 32. Bf4 Bf5 33. Bb5 Rc5 34. Ba4 Be6 35. Ng4 Nf5 36. Nxh6+ Nxh6 37. Bxh6 Rd4 38. Bb3 Bxb3 39. Re8 Rg4 40. hxg4 Qc6 41. Qxb3 gxh6 42. Qe3 Qf6 43. Qe7 Qxe7 44. R1xe7 Kg7 45. Re2 Rc4 46. R8e4 Rc1+ 47. Kh2 1-0

[Event "Veliko Gradiste Silver Lake op"]
[Site "Veliko Gradiste"]
[Date "2018.06.18"]
[Round "2"]
[White "Tosic, Miroslav"]
[Black "Krasteva, Beloslava"]
[Result "1/2-1/2"]
[WhiteElo "2384"]
[BlackElo "2040"]
[PlyCount "52"]
[EventDate "2018.06.17"]
[EventType "swiss"]
[EventRounds "9"]
[EventCountry "SRB"]
[SourceTitle "CBM 185 Extra"]
[Source "ChessBase"]
[SourceDate "2018.07.29"]
[SourceVersion "1"]
[SourceVersionDate "2018.07.29"]
[SourceQuality "1"]

1. d4 d5 2. c4 e6 3. e3 Nf6 4. Nf3 c5 5. cxd5 exd5 6. Bb5+ Bd7 7. Bxd7+ Nbxd7 8. dxc5 Bxc5 9. Nc3 Nb6 10. 0-0 0-0 11. b3 Qe7 12. a4 a5 13. Bb2 Rfd8 14. Nb5 Ne4 15. Rc1 Rac8 16. Qd3 Na8 17. Be5 f6 18. Bb2 Nc7 19. Nxc7 Rxc7 20. g3 Bb4 21. Rxc7 Qxc7 22. Rc1 Nc5 23. Qd1 Qe7 24. Nh4 Qe4 25. Qd4 b6 26. f3 Qe6 1/2-1/2

[Event "Novi Sad TS 74th"]
[Site "Novi Sad"]
[Date "2018.04.06"]
[Round "6"]
[White "Dimitrijevic, Nenad"]
[Black "Tosic, Miroslav"]
[Result "1/2-1/2"]
[WhiteElo "2248"]
[BlackElo "2412"]
[PlyCount "21"]
[EventDate "2018.04.03"]
[EventType "swiss"]
[EventRounds "9"]
[EventCountry "SRB"]
[SourceTitle "EXT 2019"]
[Source "ChessBase"]
[SourceDate "2018.10.10"]
[SourceVersion "1"]
[SourceVersionDate "2018.10.10"]
[SourceQuality "1"]

1. d4 Nf6 2. Nf3 g6 3. Bg5 Bg7 4. c3 b6 5. e3 Bb7 6. Qb3 Nc6 7. Be2 0-0 8. 0-0 d5 9. a4 Ne4 10. Bf4 Na5 11. Qc2 1/2-1/2

[Event "Novi Sad TS 74th"]
[Site "Novi Sad"]
[Date "2018.04.06"]
[Round "7"]
[White "Tosic, Miroslav"]
[Black "Shome, Shiv"]
[Result "1-0"]
[WhiteElo "2412"]
[BlackElo "2148"]
[PlyCount "95"]
[EventDate "2018.04.03"]
[EventType "swiss"]
[EventRounds "9"]
[EventCountry "SRB"]
[SourceTitle "EXT 2019"]
[Source "ChessBase"]
[SourceDate "2018.10.10"]
[SourceVersion "1"]
[SourceVersionDate "2018.10.10"]
[SourceQuality "1"]

1. d4 d5 2. Nf3 c5 3. g3 cxd4 4. Nxd4 Nf6 5. Bg2 Nc6 6. 0-0 e5 7. Nxc6 bxc6 8. c4 Be6 9. Nc3 Be7 10. cxd5 cxd5 11. Qa4+ Qd7 12. Qxd7+ Kxd7 13. Rd1 Rad8 14. Nxd5 Nxd5 15. e4 Kc7 16. exd5 Bc8 17. Be3 Kb8 18. b4 Bb7 19. Bc5 Bd6 20. Rac1 Rhe8 21. Bf1 g6 22. Bxd6+ Rxd6 23. Rc5 f6 24. a3 Red8 25. Bc4 R8d7 26. f3 Re7 27. Kf2 Red7 28. Rd2 f5 29. Re2 Re7 30. f4 e4 31. Ke3 Red7 32. Kd4 Re7 33. h4 h5 34. Re3 Re8 35. b5 Re7 36. a4 Red7 37. Ke5 Rd8 38. Re2 R8d7 39. Re1 Rd8 40. Re3 R8d7 41. Rc6 Bxc6 42. bxc6 Rd8 43. Rb3+ Kc7 44. Rb7+ Kc8 45. Re7 Rxc6 46. dxc6 Rd1 47. Be6+ Kd8 48. Rxa7 1-0